| 000 | 02018cam a22005534i 4500 | ||
|---|---|---|---|
| 003 | PE-LiUPU | ||
| 005 | 20250731165515.0 | ||
| 008 | 180820s2014 ck a r0 000 0 spa | ||
| 020 | _a9789584241597 | ||
| 020 | _a9584241591 | ||
| 035 | _a(Sirsi) a249709 | ||
| 040 |
_aPE-LiUPU _bspa _cPE-LiUPU _erda |
||
| 049 | _aPRUA | ||
| 082 | 0 | 0 |
_a004.67 _bE24 _220 |
| 100 | 1 |
_aEcheverría Castro, Gissela, _eautor. |
|
| 245 | 1 | 0 |
_aConéctese con sus hijos para que se desconecten de la red : _bcómo ser padres en la era digital / _cGissela Echeverría Castro. |
| 264 |
_aBogotá: _bPlaneta Colombiana, _c2014. |
||
| 300 |
_a184páginas : _bilustraciones ; _c23 centímetros |
||
| 336 |
_atext _2rdacontent |
||
| 337 |
_aunmediated _2rdamedia |
||
| 338 |
_avolume _2rdacarrier |
||
| 505 | 0 | _aAdicción a los videos juegos -- adicción al telefono inteligente -- internet a las redes sociales -- conectarse con los hijos -- la comunicación consciente -- consumo crítico y uso positivo de los medios de comunicación y las tic. | |
| 526 | _aSEG44 | ||
| 526 | _aSEG26 | ||
| 526 | _aP151 | ||
| 526 | _aP150 | ||
| 526 | _aP149 | ||
| 526 | _aP146 | ||
| 526 | _aP145 | ||
| 526 | _aP126 | ||
| 526 | _aP125 | ||
| 526 | _aP92 | ||
| 526 | _aP75 | ||
| 526 | _aP74 | ||
| 526 | _aP27 | ||
| 526 | _aP15 | ||
| 541 | _g0002551-s002-001 | ||
| 650 | 0 | 4 | _aInternet y niños. |
| 650 | 0 | 4 |
_aPadres e hijos _xAspectos tecnológicos. |
| 650 | 0 | 4 | _aVideojuegos. |
| 650 | 0 | 4 | _aAdicción a internet. |
| 650 | 0 | 4 | _aPsicología infantil. |
| 700 | 1 |
_aSerebrinsky, Horacio A., _eautor. |
|
| 910 |
_adbm _bksl _cksl _d20180820 |
||
| 942 |
_2ddc _cBOOK |
||
| 994 |
_aC0 _bPEPRUE |
||
| 596 | _a1 | ||
| 999 |
_a004.67 E24 _wDEWEY _c29239 _i79225 _d29239 _e2020-1-27 _f2021-11-9 _g4 _lCCODEBUL1 _mBUL _n4 _p20.00 _r0 _sY _tBOOK _u2018-8-20 _xINGENIERIA _PP54 _0COMPRA _1FCOMPRA _o.STAFF. Colección Ciencias de la Salud |
||
| 980 |
_81 _gALBERTO SANCHEZ Responsable de Automatización |
||